LEADER 00595nas a2200169 i 4500 001 000000130014 003 CaOOAMICUS 005 20190520114431.0 008 041014b xx uu u0 0und r 013 $a102747 040 $aSeMil$bita 245 10$a[Annate 1915-1984]. 773 0 $tCalendario Atlante De Agostini.$dRoma : Istituto Geografico Italiano G. De Agostini & C., 1903.$x0393-3202$w()2072 850 $aSeMil 852 $aSeMil$W1$xVenegono$y1$m249 5 12-80$j84094$B84094$CSeMilBibl$Z2$F87617 $82 996 $6245$a[Annate 1915-1984]$9(OLS)http://semarc/title/423216 LEADER 01169nam a2200265 4500 001 000000359137 003 CaOOAMICUS 005 20240729101703.0 008 240729s1997 it a 000 u ita r 020 $a88-7610-648-0 040 $aSeMil$bita 100 1 $aLorenzini, Luisa.$0(OLS)http://semarc/name/120064 245 10$aIncontro ad Ambrogio :$bsi può incontrare un santo di 1600 anni fa? /$cLuisa Lorenzini, Marco Caraffini. 264 1$aMilano :$bÀncora,$c1997. 300 $a1 v. :$bill. ;$c25x23 cm 650 4$aReligione - Testi per l'insegnamento.$0(OLS)http://semarc/subject/3466 650 4$aLetteratura per bambini.$0(OLS)http://semarc/subject/51238 700 1 $aCaraffini, Marco.$0(OLS)http://semarc/name/77730 850 $aSeMil 852 $aSeMil$W1$xVenegono$y1$m1Q VI 21$j249708$B250186$CSeMilBibl$Z2$F250186 $81 961 $aCrippa don Marco - Omaggio 996 $6020$a88-7610-648-0$9(OLS)http://semarc/number/300870 996 $6245$aIncontro ad Ambrogio :$bsi può incontrare un santo di 1600 anni fa?$9(OLS)http://semarc/title/449569 996 $6264$aMilano :$bÀncora$9(OLS)http://semarc/publisher/29763 LEADER 01042nam a2200217 i 4500 001 000000241246 003 CaOOAMICUS 005 20150427000000.0 008 150427s1897 it u000 u ita u 013 $a220151 040 $aSeMil$bita 100 1 $aRossi, Liborio.$0(OLS)http://semarc/name/81704 245 10$aAi superiori dei seminari :$bsuggerimenti e massime che possono giovare a chiunque attende alla cristiana educazione /$cp. Liborio Rossi. 260 $aMilano :$bTipografia del Riformatorio Patronato,$c1897. 300 $aVIII, 126 p. ;$c19 cm. 500 $aLegato con 3F-I-41 FA. 650 4$aSeminari - Formazione.$0(OLS)http://semarc/subject/3050 850 $aSeMil 852 $aSeMil$W1$xVenegono$y1$m3F I 42 FA$j191592$B191592$CSeMilBibl$Z2$F202389 $8I 996 $6245$aAi superiori dei seminari :$bsuggerimenti e massime che possono giovare a chiunque attende alla cristiana educazione$9(OLS)http://semarc/title/342945 996 $6260$aMilano :$bTipografia del Riformatorio Patronato$9(OLS)http://semarc/publisher/31527 LEADER 01400nam a2200313 i 4500 001 000000190005 003 CaOOAMICUS 005 20100525000000.0 008 100525s2010 fr u000 u mul u 013 $a168334 020 $a978-204-09029-2 040 $aSeMil$bita 245 10$aBible et paix :$bmélanges offerts à Claude Coulot /$ctextes réunis par Eberhard Bons, Daniel Gerber et Pierre Keith. 260 $aParis :$bLes Éditions du Cerf,$c2010. 300 $a347 p. ;$c22 cm. 490 0 $aLectio divina [Cerf]v233. 650 4$aPace - Concezione biblica.$0(OLS)http://semarc/subject/8533 650 4$aBibbia - Saggi.$0(OLS)http://semarc/subject/4535 700 1 $aCoulot, Claude.$0(OLS)http://semarc/name/20321 700 1 $aKeith, Pierre <1964->.$0(OLS)http://semarc/name/66424 700 1 $aGerber, Daniel.$0(OLS)http://semarc/name/66423 700 1 $aBons, Eberhard.$0(OLS)http://semarc/name/54275 830 0$aLectio divina ;$v233.$0(OLS)http://semarc/title/8 850 $aSeMil 852 $aSeMil$W1$xVenegono$y1$m2WA K 236$j140636$B140636$CSeMilBibl$Z2$F152214 $81 961 $aSottoscrizione: SODIS 996 $6020$a978-204-09029-2$9(OLS)http://semarc/number/180816 996 $6245$aBible et paix :$bmélanges offerts à Claude Coulot$9(OLS)http://semarc/title/273668 996 $6260$aParis :$bLes Éditions du Cerf$9(OLS)http://semarc/publisher/29611 LEADER 01736nam a2200337 i 4500 001 000000204195 003 CaOOAMICUS 005 20210802111101.0 008 110719s2011 it a u000 u mul u 013 $a182914 020 $a978-88-7016-727-6 040 $aSeMil$bita 100 1 $aCalvin, Jean,$d<1509-1564>.$0(OLS)http://semarc/name/6290 245 13$aLa divina predestinazione /$cGiovanni Calvino ; a cura di Giorgio Tourn e Franco Ronchi. 264 1$aTorino :$bClaudiana,$c2011. 300 $a557 p., [4] c. di tav. :$bfacs. ;$c22 cm. 490 1 $aCalvino: Opere scelte ;$v3 500 $aTesti originali a fronte 505 0 $aContiene: Catechismo di Ginevra (1537, brani scelti), Congregazione tenuta nella chiesa di Ginevra nella quale si è trattato il tema dell'elezione eterna di Dio (1562), Della predestinazione eterna di Dio, con la quale egli elegge alcuni uomini per la salvezza, altri li abbandona alla loro perdizione. Inoltre della provvidenza, con la quale egli governa le vicende umane (1552) 650 4$aPredestinazione.$0(OLS)http://semarc/subject/3382 700 1 $aRonchi, Franco.$0(OLS)http://semarc/name/944 700 1 $aTourn, Giorgio,$d<1930- >.$0(OLS)http://semarc/name/6291 830 0$aCalvino: Opere scelte ;$v3.$0(OLS)http://semarc/title/19270 850 $aSeMil 852 $aSeMil$W1$xVenegono$y1$m2BA E 3$j227619$B154689$CSeMilBibl$Z2$F165487 $81 900 1 $aCalvino, Giovanni. 996 $6020$a978-88-7016-727-6$9(OLS)http://semarc/number/197474 996 $6245$aLa divina predestinazione$9(OLS)http://semarc/title/295867 996 $6264$aTorino :$bClaudiana$9(OLS)http://semarc/publisher/29837 LEADER 01042nam a2200253 i 4500 001 000000114033 003 CaOOAMICUS 005 20030409000000.0 008 030409s1969 it u000 u ita u 013 $a86719 040 $aSeMil$bita 100 1 $aBinda, Arsenio.$0(OLS)http://semarc/name/47705 245 10$aChi sono i Cappuccini? :$bsintesi storica dalle origini ai nostri giorni /$cP. Arsenio Binda da Casorate O.F.M. Cap. 260 $aTorino :$bBorla,$c1969. 300 $a262 p. ;$c21 cm. 490 0 $aSegno dei tempi ;$v9 500 $aContiene : Appendici. 650 4$aCappuccini.$0(OLS)http://semarc/subject/6886 830 0$aSegno dei tempi ;$v9.$0(OLS)http://semarc/title/6391 850 $aSeMil 852 $aSeMil$W1$xVenegono$y1$m3E V 342$j69635$B69635$CSeMilBibl$Z2$F74971 $81 961 $aRecupero: Seminario di Seveso 996 $6245$aChi sono i Cappuccini? :$bsintesi storica dalle origini ai nostri giorni$9(OLS)http://semarc/title/166575 996 $6260$aTorino :$bBorla$9(OLS)http://semarc/publisher/29913 LEADER 00490nab a2200133 i 4500 001 000000315939 003 CaOOAMICUS 005 20180831173159.0 008 180831n xx uu u0 0und r 013 $a25022 040 $aSeMil$bita 245 10$aCristologia patristica: per una precisazione dell'attuale «status quaestionis». 773 0 $t[Gennaio-Dicembre].$g3-36$w()274007 996 $6245$aCristologia patristica: per una precisazione dell'attuale «status quaestionis»$9(OLS)http://semarc/title/389975